Statistics for Top 50 International Appearances in the Premier League

Click here to take the quiz!

General Stats

  • This quiz has been taken 24 times
  • The average score is 25 of 50

Answer Stats

NPlayerClubCountryCapsGoals% Correct
3Son Heung-minTottenham HotspursSouth Korea11337
100%
2Christian EriksenManchester UnitedDenmark12440
91%
14Mohamed SalahLiverpoolEgypt9051
91%
18Bernardo SilvaManchester CityPortugal8411
86%
24CasemiroManchester UnitedBrazil737
86%
4Thiago SilvaChesleaBrazil1137
86%
10Kevin de BruyneManchester CityBelgium9926
82%
5Romelu LukakuAS Roma (on loan from Chelsea)Belgium11077
82%
11Mateo KovacicManchester CityCroatia955
73%
12Mohamed ElnenyArsenalEgypt938
73%
13Raphael VaraneManchester UnitedFrance935
73%
32Andrew RobertsonLiverpoolScotland663
68%
38Virgil van DijkLiverpoolNetherlands606
68%
1Ivan PerisicTottenham HotpsursCroatia12933
64%
34Gabriel JesusArsenalBrazil6119
59%
7Jonny EvansManchester UnitedNorthern Ireland1046
59%
23Kyle WalkerManchester CityEngland761
59%
35Victor LindelofManchester UnitedSweden613
59%
40Bruno FernandesManchester UnitedPortugal5917
55%
31John StonesManchester CityEngland673
55%
45Marcus RashfordManchester UnitedEngland5516
55%
8Raúl JiménezFulhamMexico10233
55%
37AlissonLiverpoolBrazil610
50%
25Chris WoodNottingham ForestNew Zealand7033
50%
19Raheem SterlingChelseaEngland8220
50%
47Rúben DiasManchester CityPortugal552
50%
27Pierre-Emile HojbjergTottenham HotspursDenmark697
45%
29Séamus ColemanEvertonIreladn681
45%
20Tom DaviesTottenham HotspursWales801
45%
22Fabian ScharNewcastle UnitedSwitzerland768
41%
48Hakim ZiyechGalatasaray (on loan from Chelsea)Morocco5420
41%
9Idrissa GueyeEvertonSenegal1027
41%
36James MilnerBrighton & Hove AlbionEngland611
41%
26Edson ÁlvarezWest Ham UnitedMexico703
36%
41Harry MaguireManchester UnitedEngland597
36%
50Miguel AlmirónNewcastle UnitedParaguay517
36%
46Hwang Hee-ChanWolverhampton WanderersSouth Korea5510
32%
42John McGinnAston VillaScotland5817
32%
44Lukasz FabianskiWest Ham UnitedPoland570
32%
28Philippe CoutinhoAl-Duhail (on loan from Aston Villa)Brazil6821
32%
30Robin OlsenAston VillaSweden680
32%
17Serge AurierNottingham ForestIvory Coast854
32%
6Wayne HennesseyNottingham ForestWales1080
32%
15Jóhann Berg GudmundssonBurnleyIceland888
27%
49Rodrigo BentancurTottenham HotspursUruguay541
27%
33Alex IwobiFulhamNigeria6310
18%
16Chiekhou KouyatéNottingham ForestSenegal874
18%
43Remo FreulerBologna (on loan from Nottingham Forest)Switzerland577
18%
39Youri TielemansAston VillaBelgium605
18%
21Jeff HendrickSheffield Wednesday (on loan from Newcastle United)Ireland792
5%

Score Distribution

Percentile by Number Answered

Percent of People with Each Score

Your Score History

You have not taken this quiz